Los rostros de la virgen / (Registro nro. 4124)

Detalles MARC
000 -LEADER
fixed length control field 00957nam a2200205Ia 4500
003 - CONTROL NUMBER IDENTIFIER
control field OSt
005 - DATE AND TIME OF LATEST TRANSACTION
control field 20200407111820.0
008 - FIXED-LENGTH DATA ELEMENTS--GENERAL INFORMATION
fixed length control field 191128s2013 ck ao gr 000 0 spa d
040 ## - CATALOGING SOURCE
Original cataloging agency CO-JMCR
Transcribing agency CO-JMCR
041 0# - LANGUAGE CODE
Language code of text/sound track or separate title spa
082 04 - DEWEY DECIMAL CLASSIFICATION NUMBER
Classification number 246.5 /
Item number C348r
100 1# - MAIN ENTRY--PERSONAL NAME
Personal name Castellanos de Zubiría, Susana,
Relator term autor
9 (RLIN) 2671
245 14 - TITLE STATEMENT
Title Los rostros de la virgen /
Statement of responsibility, etc. Susana Castellanos de Zubiría ; fotografías, Stalin Lopéz
260 ## - PUBLICATION, DISTRIBUTION, ETC.
Place of publication, distribution, etc. Bogotá :
Name of publisher, distributor, etc. Universidad del Rosario,
Date of publication, distribution, etc. 2013
300 ## - PHYSICAL DESCRIPTION
Extent [28] páginas sin numerar :
Other physical details ilustraciones, fotografías a color ;
Dimensions 20 cm.
520 ## - SUMMARY, ETC.
Summary, etc. En Cuba, la virgen de la caridad de cobre, protectora de los navegantes y desamparados, se identificó con Oshún, deidad africana de los ríos, el amor, la fecundidad, la maternidad, la sensualidad y la alegría, identificada con el color amarillo, los giras
650 14 - SUBJECT ADDED ENTRY--TOPICAL TERM
Topical term or geographic name entry element Virgen fotografías
Geographic subdivision Cuba
9 (RLIN) 2672
700 1# - ADDED ENTRY--PERSONAL NAME
Personal name Stanlin Lopéz,
Relator term fotografo
9 (RLIN) 2673
942 ## - ADDED ENTRY ELEMENTS (KOHA)
Source of classification or shelving scheme Dewey Decimal Classification
Koha item type Books
Existencias
Withdrawn status Lost status Source of classification or shelving scheme Materials specified (bound volume or other part) Damaged status Not for loan Home library Current library Shelving location Date acquired Source of acquisition Cost, normal purchase price Total Checkouts Full call number Barcode Date last seen Copy number Price effective from Koha item type
    Dewey Decimal Classification Donación--30/07/2018--     Biblioteca Pública José María del Castillo y Rada Biblioteca Pública José María del Castillo y Rada General Stacks 11/28/2019 Donación 0.00   246.5 / C348r 201808930 05/16/2024 Ej.1 11/28/2019 Books